[Event "XXVII MISTRZOSTWA WOJEWÓDZTWA PODLASKIEGO JUNIORÓW DO LAT 18 - C18"]
[Site "Białystok, Poland"]
[Date "2025.05.30"]
[Round "1.1"]
[White "Krynicki, Filip"]
[Black "Pieczulis, Hubert"]
[Result "1/2-1/2"]
[WhiteElo "1951"]
[BlackElo "1853"]

1. d4 {[%clk 00:30:57]} {[%emt 00:00:02]} Nf6 {[%clk 00:30:55]} {[%emt
00:00:06]} 2. c4 {[%clk 00:31:22]} {[%emt 00:00:05]} e6 {[%clk 00:31:21]}
{[%emt 00:00:04]} 3. Nf3 {[%clk 00:31:48]} {[%emt 00:00:03]} d5 {[%clk
00:31:08]} {[%emt 00:00:43]} 4. Nc3 {[%clk 00:31:59]} {[%emt 00:00:19]} Be7
{[%clk 00:30:59]} {[%emt 00:00:40]} 5. cxd5 {[%clk 00:31:48]} {[%emt 00:00:41]}
exd5 {[%clk 00:31:16]} {[%emt 00:00:13]} 6. Bg5 {[%clk 00:32:09]} {[%emt
00:00:08]} c6 {[%clk 00:31:36]} {[%emt 00:00:11]} 7. Qc2 {[%clk 00:32:32]}
{[%emt 00:00:07]} h6 {[%clk 00:26:51]} {[%emt 00:05:16]} 8. Bh4 {[%clk
00:31:13]} {[%emt 00:01:48]} O-O {[%clk 00:25:08]} {[%emt 00:02:12]} 9. e3
{[%clk 00:31:37]} {[%emt 00:00:07]} Ne4 {[%clk 00:22:20]} {[%emt 00:03:19]} 10.
Bxe7 {[%clk 00:31:40]} {[%emt 00:00:26]} Qxe7 {[%clk 00:22:44]} {[%emt
00:00:06]} 11. Bd3 {[%clk 00:31:20]} {[%emt 00:00:50]} Nd6 {[%clk 00:18:03]}
{[%emt 00:05:11]} 12. O-O {[%clk 00:28:42]} {[%emt 00:03:08]} Nd7 {[%clk
00:17:55]} {[%emt 00:00:39]} 13. Rfe1 {[%clk 00:24:42]} {[%emt 00:04:29]} f5
{[%clk 00:16:16]} {[%emt 00:02:10]} 14. b4 {[%clk 00:20:52]} {[%emt 00:04:20]}
a6 {[%clk 00:13:14]} {[%emt 00:03:31]} 15. a4 {[%clk 00:20:52]} {[%emt
00:00:30]} Ne4 {[%clk 00:08:03]} {[%emt 00:05:41]} 16. Rab1 {[%clk 00:17:29]}
{[%emt 00:03:53]} Nb6 {[%clk 00:05:55]} {[%emt 00:02:38]} 17. Ne5 {[%clk
00:17:03]} {[%emt 00:00:55]} Qe8 {[%clk 00:06:03]} {[%emt 00:00:23]} 18. Ne2
{[%clk 00:15:25]} {[%emt 00:02:08]} Nd7 {[%clk 00:05:24]} {[%emt 00:01:10]} 19.
Nxc6 {[%clk 00:08:55]} {[%emt 00:07:00]} bxc6 {[%clk 00:04:50]} {[%emt
00:01:04]} 20. Qxc6 {[%clk 00:09:23]} {[%emt 00:00:01]} Rb8 {[%clk 00:04:38]}
{[%emt 00:00:42]} 21. Qxd5+ {[%clk 00:09:50]} {[%emt 00:00:03]} Kh8 {[%clk
00:04:58]} {[%emt 00:00:11]} 22. Rbc1 {[%clk 00:04:15]} {[%emt 00:06:05]} Bb7
{[%clk 00:04:37]} {[%emt 00:00:51]} 23. Qb3 {[%clk 00:03:36]} {[%emt 00:01:08]}
Nb6 {[%clk 00:02:57]} {[%emt 00:02:10]} 24. Nf4 {[%clk 00:03:10]} {[%emt
00:00:56]} Rf6 {[%clk 00:02:37]} {[%emt 00:00:51]} 25. a5 {[%clk 00:02:51]}
{[%emt 00:00:49]} Nd7 {[%clk 00:02:18]} {[%emt 00:00:48]} 26. Rc7 {[%clk
00:02:00]} {[%emt 00:01:21]} Rd6 {[%clk 00:02:15]} {[%emt 00:00:33]} 27. f3
{[%clk 00:01:22]} {[%emt 00:01:08]} g5 {[%clk 00:01:12]} {[%emt 00:01:33]} 28.
Nh3 {[%clk 00:00:47]} {[%emt 00:01:06]} Nef6 {[%clk 00:01:16]} {[%emt
00:00:26]} 29. Nf2 {[%clk 00:00:38]} {[%emt 00:00:38]} g4 {[%clk 00:01:16]}
{[%emt 00:00:31]} 30. fxg4 {[%clk 00:00:43]} {[%emt 00:00:25]} fxg4 {[%clk
00:01:20]} {[%emt 00:00:25]} 31. Qb2 {[%emt 00:01:00]} Nd5 {[%clk 00:01:28]} 32.
Rc2 {[%clk 00:00:35]} {[%emt 00:00:29]} Nf4 {[%clk 00:01:24]} {[%emt 00:00:35]}
33. Bc4 {[%clk 00:00:37]} {[%emt 00:00:29]} Ng6 {[%clk 00:00:32]} {[%emt
00:01:21]} 34. Nxg4 {[%clk 00:00:41]} {[%emt 00:00:26]} Be4 {[%clk 00:00:49]}
{[%emt 00:00:14]} 35. Nxh6 {[%clk 00:00:38]} {[%emt 00:00:33]} Kh7 {[%clk
00:00:38]} {[%emt 00:00:40]} 36. Nf7 {[%clk 00:01:07]} {[%emt 00:00:01]} Rf6
{[%clk 00:00:57]} {[%emt 00:00:11]} 37. Rf2 {[%clk 00:00:45]} {[%emt 00:00:52]}
Qe7 {[%clk 00:00:52]} {[%emt 00:00:35]} 38. Qe2 {[%clk 00:00:48]} {[%emt
00:00:27]} Rxf2 {[%clk 00:00:40]} {[%emt 00:00:42]} 39. Qh5+ {[%clk 00:00:40]}
{[%emt 00:00:38]} Kg7 {[%clk 00:01:02]} {[%emt 00:00:09]} 40. Qh6+ {[%clk
00:00:42]} {[%emt 00:00:27]} Kf6 {[%clk 00:01:19]} {[%emt 00:00:13]} 41. Kxf2
{[%clk 00:00:38]} {[%emt 00:00:35]} Rxb4 {[%clk 00:00:51]} {[%emt 00:00:58]} 42.
Qg5+ {[%clk 00:00:38]} {[%emt 00:00:29]} Kg7 {[%clk 00:01:16]} {[%emt
00:00:05]} 43. Qh6+ {[%clk 00:00:38]} {[%emt 00:00:30]} Kf6 {[%clk 00:01:40]}
{[%emt 00:00:05]} 44. Qg5+ {[%clk 00:00:36]} {[%emt 00:00:33]} Kg7 {[%clk
00:02:03]} {[%emt 00:00:07]} 45. Qh6+ {[%clk 00:00:36]} {[%emt 00:00:30]} Kf6
{[%clk 00:02:27]} {[%emt 00:00:06]} 46. Rf1 {[%clk 00:00:34]} {[%emt 00:00:32]}
Rxc4 {[%clk 00:02:21]} {[%emt 00:00:36]} 47. Ng5 {[%clk 00:00:36]} {[%emt
00:00:29]} Bf5 {[%clk 00:02:03]} {[%emt 00:00:47]} 48. Nh7+ {[%clk 00:00:39]}
{[%emt 00:00:27]} Kf7 {[%clk 00:01:51]} {[%emt 00:00:39]} 49. Kg1 {[%clk
00:01:01]} {[%emt 00:00:11]} Kg8 {[%clk 00:01:34]} {[%emt 00:00:48]} 50. Rxf5
{[%clk 00:00:41]} {[%emt 00:00:50]} Qxh7 {[%clk 00:01:34]} {[%emt 00:00:29]} 51.
Qg5 {[%clk 00:00:47]} {[%emt 00:00:23]} Ndf8 {[%clk 00:01:40]} {[%emt
00:00:25]} 52. Rf6 {[%clk 00:00:44]} {[%emt 00:00:33]} Rc1+ {[%clk 00:01:34]}
{[%emt 00:00:36]} 53. Kf2 {[%clk 00:00:50]} {[%emt 00:00:24]} Rc2+ {[%clk
00:01:27]} {[%emt 00:00:37]} 54. Kg1 {[%clk 00:00:44]} {[%emt 00:00:36]} Rc1+
{[%clk 00:00:50]} {[%emt 00:01:07]} 55. Kf2 {[%clk 00:01:11]} {[%emt 00:00:04]}
Rc2+ {[%clk 00:00:55]} {[%emt 00:00:24]} 1/2-1/2

[Event "XXVII MISTRZOSTWA WOJEWÓDZTWA PODLASKIEGO JUNIORÓW DO LAT 18 - C18"]
[Site "Białystok, Poland"]
[Date "2025.05.30"]
[Round "1.2"]
[White "Krol, Jan"]
[Black "Kurcinski, Sebastian"]
[Result "1-0"]
[WhiteElo "2064"]
[BlackElo "1628"]

1. e4 {[%clk 00:30:59]} {[%emt 00:00:02]} c6 {[%clk 00:30:54]} {[%emt
00:00:06]} 2. d4 {[%clk 00:31:25]} {[%emt 00:00:03]} d5 {[%clk 00:31:20]}
{[%emt 00:00:05]} 3. e5 {[%clk 00:31:52]} {[%emt 00:00:04]} Bf5 {[%clk
00:31:42]} {[%emt 00:00:07]} 4. h4 {[%clk 00:32:16]} {[%emt 00:00:06]} h5
{[%clk 00:32:06]} {[%emt 00:00:05]} 5. c4 {[%clk 00:32:42]} {[%emt 00:00:04]}
dxc4 {[%clk 00:32:03]} {[%emt 00:00:34]} 6. Bxc4 {[%clk 00:32:53]} {[%emt
00:00:19]} e6 {[%clk 00:32:25]} {[%emt 00:00:07]} 7. Nc3 {[%clk 00:33:10]}
{[%emt 00:00:14]} Nd7 {[%clk 00:31:45]} {[%emt 00:01:10]} 8. Nge2 {[%clk
00:32:42]} {[%emt 00:00:57]} Nb6 {[%clk 00:32:03]} {[%emt 00:00:13]} 9. Bd3
{[%clk 00:31:26]} {[%emt 00:01:46]} Ne7 {[%clk 00:30:57]} {[%emt 00:01:35]} 10.
Bg5 {[%clk 00:31:07]} {[%emt 00:00:49]} Bxd3 {[%clk 00:30:58]} {[%emt
00:00:30]} 11. Qxd3 {[%clk 00:31:35]} {[%emt 00:00:02]} Qd7 {[%clk 00:31:13]}
{[%emt 00:00:14]} 12. Ne4 {[%clk 00:30:50]} {[%emt 00:01:15]} Nf5 {[%clk
00:27:56]} {[%emt 00:03:48]} 13. Rd1 {[%clk 00:27:23]} {[%emt 00:03:57]} Nd5
{[%clk 00:20:35]} {[%emt 00:07:51]} 14. a3 {[%clk 00:25:01]} {[%emt 00:02:52]}
Be7 {[%clk 00:20:14]} {[%emt 00:00:50]} 15. N2g3 {[%clk 00:22:39]} {[%emt
00:02:53]} f6 {[%clk 00:17:31]} {[%emt 00:03:13]} 16. exf6 {[%clk 00:11:50]}
{[%emt 00:11:19]} gxf6 {[%clk 00:17:54]} {[%emt 00:00:08]} 17. Bc1 {[%clk
00:11:58]} {[%emt 00:00:21]} O-O-O {[%clk 00:17:37]} {[%emt 00:00:48]} 18. Nxf5
{[%clk 00:10:34]} {[%emt 00:01:53]} exf5 {[%clk 00:18:00]} {[%emt 00:00:07]} 19.
Ng3 {[%clk 00:10:44]} {[%emt 00:00:20]} f4 {[%clk 00:10:55]} {[%emt 00:07:34]}
20. Nf5 {[%clk 00:10:57]} {[%emt 00:00:18]} Qe6+ {[%clk 00:07:50]} {[%emt
00:03:35]} 21. Kf1 {[%clk 00:11:21]} {[%emt 00:00:06]} Bd6 {[%clk 00:07:21]}
{[%emt 00:00:59]} 22. Re1 {[%clk 00:10:52]} {[%emt 00:00:58]} Qd7 {[%clk
00:07:47]} {[%emt 00:00:05]} 23. Nxd6+ {[%clk 00:10:17]} {[%emt 00:01:05]} Qxd6
{[%clk 00:08:15]} {[%emt 00:00:02]} 24. Qf5+ {[%clk 00:10:24]} {[%emt
00:00:23]} Kb8 {[%clk 00:08:39]} {[%emt 00:00:06]} 25. Re4 {[%clk 00:09:41]}
{[%emt 00:01:11]} Rhe8 {[%clk 00:04:59]} {[%emt 00:04:11]} 26. Bxf4 {[%clk
00:07:49]} {[%emt 00:02:22]} Nxf4 {[%clk 00:04:47]} {[%emt 00:00:43]} 27. Rxf4
{[%clk 00:07:44]} {[%emt 00:00:35]} Re5 {[%clk 00:03:48]} {[%emt 00:01:29]} 28.
Qxf6 {[%clk 00:06:13]} {[%emt 00:02:00]} Qxf6 {[%clk 00:02:55]} {[%emt
00:01:23]} 29. Rxf6 {[%clk 00:06:41]} {[%emt 00:00:02]} Rxd4 {[%clk 00:03:19]}
{[%emt 00:00:07]} 30. g3 {[%clk 00:06:25]} {[%emt 00:00:47]} Rd2 {[%clk
00:03:41]} {[%emt 00:00:08]} 31. Kg2 {[%clk 00:05:31]} {[%emt 00:01:23]} Rxb2
{[%clk 00:03:52]} {[%emt 00:00:20]} 32. g4 {[%clk 00:05:52]} {[%emt 00:00:08]}
hxg4 {[%clk 00:03:02]} {[%emt 00:01:20]} 33. h5 {[%clk 00:06:06]} {[%emt
00:00:16]} Rbb5 {[%clk 00:01:46]} {[%emt 00:01:46]} 34. h6 {[%emt 00:00:18]}
Rh5 {[%clk 00:02:11]} 35. Rxh5 {[%clk 00:06:35]} {[%emt 00:00:18]} Rxh5 {[%clk
00:02:33]} {[%emt 00:00:07]} 36. Kg3 {[%clk 00:06:58]} {[%emt 00:00:08]} c5
{[%clk 00:01:56]} {[%emt 00:01:08]} 37. Kxg4 {[%clk 00:07:16]} {[%emt
00:00:11]} Rh1 {[%clk 00:02:05]} {[%emt 00:00:21]} 38. Kg5 {[%clk 00:07:08]}
{[%emt 00:00:37]} c4 {[%clk 00:02:18]} {[%emt 00:00:18]} 39. Rf4 {[%clk
00:06:44]} {[%emt 00:00:54]} b5 {[%clk 00:02:25]} {[%emt 00:00:23]} 40. Rh4
{[%clk 00:05:43]} {[%emt 00:01:30]} Rg1+ {[%clk 00:01:54]} {[%emt 00:01:01]} 41.
Kf6 {[%clk 00:05:57]} {[%emt 00:00:16]} c3 {[%clk 00:01:32]} {[%emt 00:00:54]}
42. h7 {[%clk 00:06:14]} {[%emt 00:00:12]} c2 {[%clk 00:01:54]} {[%emt
00:00:08]} 43. h8=Q+ {[%clk 00:06:39]} {[%emt 00:00:05]} Kb7 {[%clk 00:02:20]}
{[%emt 00:00:04]} 44. Rh7+ {[%clk 00:07:00]} {[%emt 00:00:09]} Kb6 {[%clk
00:01:28]} {[%emt 00:01:22]} 45. Qd8+ {[%clk 00:07:07]} {[%emt 00:00:22]} 1-0

[Event "XXVII MISTRZOSTWA WOJEWÓDZTWA PODLASKIEGO JUNIORÓW DO LAT 18 - C18"]
[Site "Białystok, Poland"]
[Date "2025.05.30"]
[Round "1.3"]
[White "Chelstowski, Bartosz"]
[Black "Racis, Michal"]
[Result "0-1"]
[WhiteElo "1643"]
[BlackElo "2118"]

1. e4 {[%clk 00:30:58]} {[%emt 00:00:03]} c5 {[%clk 00:30:53]} {[%emt
00:00:07]} 2. Nc3 {[%clk 00:31:23]} {[%emt 00:00:05]} Nc6 {[%clk 00:31:10]}
{[%emt 00:00:13]} 3. Nge2 {[%clk 00:31:38]} {[%emt 00:00:15]} d6 {[%clk
00:31:11]} {[%emt 00:00:28]} 4. g3 {[%clk 00:31:54]} {[%emt 00:00:14]} e5
{[%clk 00:30:15]} {[%emt 00:01:27]} 5. Bg2 {[%clk 00:32:08]} {[%emt 00:00:16]}
g6 {[%clk 00:30:27]} {[%emt 00:00:18]} 6. O-O {[%clk 00:32:15]} {[%emt
00:00:23]} Bg7 {[%clk 00:30:45]} {[%emt 00:00:12]} 7. h3 {[%clk 00:32:36]}
{[%emt 00:00:09]} Nge7 {[%clk 00:30:44]} {[%emt 00:00:31]} 8. d3 {[%clk
00:32:42]} {[%emt 00:00:24]} O-O {[%clk 00:30:51]} {[%emt 00:00:23]} 9. f4
{[%clk 00:30:38]} {[%emt 00:02:33]} Rb8 {[%clk 00:26:03]} {[%emt 00:05:19]} 10.
g4 {[%clk 00:27:53]} {[%emt 00:03:14]} f5 {[%clk 00:22:29]} {[%emt 00:04:04]}
11. g5 {[%clk 00:24:07]} {[%emt 00:04:17]} Be6 {[%clk 00:21:19]} {[%emt
00:01:39]} 12. Ng3 {[%clk 00:21:19]} {[%emt 00:03:18]} d5 {[%clk 00:17:45]}
{[%emt 00:04:04]} 13. exd5 {[%clk 00:18:33]} {[%emt 00:03:17]} Nxd5 {[%clk
00:17:50]} {[%emt 00:00:25]} 14. Nxd5 {[%clk 00:18:22]} {[%emt 00:00:41]} Bxd5
{[%clk 00:18:11]} {[%emt 00:00:08]} 15. c3 {[%clk 00:16:01]} {[%emt 00:02:51]}
Bxg2 {[%clk 00:17:42]} {[%emt 00:00:59]} 16. Kxg2 {[%clk 00:15:56]} {[%emt
00:00:36]} Qd5+ {[%clk 00:17:53]} {[%emt 00:00:18]} 17. Qf3 {[%clk 00:14:57]}
{[%emt 00:01:29]} Rbd8 {[%clk 00:17:40]} {[%emt 00:00:43]} 18. Be3 {[%clk
00:12:09]} {[%emt 00:03:19]} exf4 {[%clk 00:13:42]} {[%emt 00:04:27]} 19. Qxd5+
{[%clk 00:09:45]} {[%emt 00:02:54]} Rxd5 {[%clk 00:14:05]} {[%emt 00:00:08]} 20.
Rxf4 {[%clk 00:10:02]} {[%emt 00:00:12]} Re8 {[%clk 00:12:13]} {[%emt
00:02:22]} 21. Bf2 {[%clk 00:07:49]} {[%emt 00:02:43]} b6 {[%clk 00:11:03]}
{[%emt 00:01:39]} 22. Rd1 {[%clk 00:05:10]} {[%emt 00:03:10]} Red8 {[%clk
00:11:21]} {[%emt 00:00:13]} 23. d4 {[%clk 00:01:47]} {[%emt 00:03:53]} cxd4
{[%clk 00:11:31]} {[%emt 00:00:19]} 24. cxd4 {[%clk 00:01:08]} {[%emt
00:01:10]} Nxd4 {[%clk 00:11:31]} {[%emt 00:00:30]} 25. Bxd4 {[%clk 00:00:37]}
{[%emt 00:01:01]} Rxd4 {[%clk 00:11:48]} {[%emt 00:00:13]} 26. Rfxd4 {[%clk
00:00:34]} {[%emt 00:00:33]} Rxd4 {[%clk 00:12:08]} {[%emt 00:00:10]} 27. Rc1
{[%clk 00:00:41]} {[%emt 00:00:23]} Rd2+ {[%clk 00:11:59]} {[%emt 00:00:39]} 28.
Kf3 {[%clk 00:01:09]} {[%emt 00:00:02]} Be5 {[%clk 00:11:07]} {[%emt 00:01:21]}
29. Nf1 {[%clk 00:00:38]} {[%emt 00:01:02]} Rxb2 {[%clk 00:10:16]} {[%emt
00:01:21]} 30. Rc8+ {[%clk 00:00:33]} {[%emt 00:00:35]} Kf7 {[%clk 00:10:28]}
{[%emt 00:00:17]} 31. Ne3 {[%clk 00:00:34]} {[%emt 00:00:29]} Rxa2 {[%clk
00:08:25]} {[%emt 00:02:33]} 32. Nc4 {[%clk 00:00:48]} {[%emt 00:00:16]} Bd4
{[%clk 00:07:30]} {[%emt 00:01:25]} 33. Rd8 {[%clk 00:00:32]} {[%emt 00:00:48]}
Bc5 {[%clk 00:07:00]} {[%emt 00:00:58]} 34. Rd7+ {[%clk 00:00:46]} {[%emt
00:00:17]} Ke6 {[%clk 00:07:18]} {[%emt 00:00:11]} 35. Rxh7 {[%clk 00:00:43]}
{[%emt 00:00:34]} Rc2 {[%clk 00:07:15]} {[%emt 00:00:32]} 36. Rxa7 {[%clk
00:00:39]} {[%emt 00:00:35]} Rxc4 {[%clk 00:07:35]} {[%emt 00:00:10]} 37. Rg7
{[%clk 00:01:05]} {[%emt 00:00:04]} Rc3+ {[%clk 00:07:49]} {[%emt 00:00:17]} 38.
Kg2 {[%clk 00:01:28]} {[%emt 00:00:06]} Ke5 {[%clk 00:07:09]} {[%emt 00:01:10]}
39. Rxg6 {[%clk 00:00:36]} {[%emt 00:01:22]} Kf4 {[%clk 00:07:33]} {[%emt
00:00:05]} 40. h4 {[%clk 00:00:51]} {[%emt 00:00:15]} Rc2+ {[%clk 00:07:17]}
{[%emt 00:00:47]} 41. Kf1 {[%clk 00:01:15]} {[%emt 00:00:06]} Kf3 {[%clk
00:07:20]} {[%emt 00:00:26]} 42. Ke1 {[%clk 00:00:36]} {[%emt 00:01:10]} Be3
{[%clk 00:07:39]} {[%emt 00:00:11]} 43. Rd6 {[%clk 00:00:43]} {[%emt 00:00:23]}
Rc1+ {[%clk 00:06:16]} {[%emt 00:01:53]} 44. Rd1 {[%clk 00:01:09]} {[%emt
00:00:04]} Bf2+ {[%clk 00:06:31]} {[%emt 00:00:15]} 45. Kd2 {[%clk 00:01:31]}
{[%emt 00:00:08]} Rxd1+ {[%clk 00:06:54]} {[%emt 00:00:07]} 46. Kxd1 {[%clk
00:01:56]} {[%emt 00:00:05]} Bxh4 {[%clk 00:07:16]} {[%emt 00:00:08]} 47. g6
{[%clk 00:02:20]} {[%emt 00:00:06]} Bf6 {[%clk 00:07:38]} {[%emt 00:00:08]} 0-1

[Event "XXVII MISTRZOSTWA WOJEWÓDZTWA PODLASKIEGO JUNIORÓW DO LAT 18 - C18"]
[Site "Białystok, Poland"]
[Date "2025.05.30"]
[Round "1.4"]
[White "Bartnik, Michal"]
[Black "Etel, Szymon"]
[Result "1-0"]
[WhiteElo "1986"]
[BlackElo "1776"]

1. e4 {[%clk 00:30:59]} {[%emt 00:00:02]} e6 {[%clk 00:30:57]} {[%emt
00:00:03]} 2. d4 {[%clk 00:31:24]} {[%emt 00:00:05]} d5 {[%clk 00:31:24]}
{[%emt 00:00:04]} 3. Nc3 {[%clk 00:31:53]} Nf6 {[%clk 00:31:47]} {[%emt
00:00:06]} 4. e5 {[%clk 00:32:02]} {[%emt 00:00:21]} Nfd7 {[%clk 00:32:15]}
{[%emt 00:00:02]} 5. Nce2 {[%clk 00:32:25]} {[%emt 00:00:06]} c5 {[%clk
00:32:35]} {[%emt 00:00:11]} 6. c3 {[%clk 00:32:53]} {[%emt 00:00:03]} Nc6
{[%clk 00:32:59]} {[%emt 00:00:05]} 7. Nf3 {[%clk 00:33:20]} {[%emt 00:00:03]}
Be7 {[%clk 00:33:10]} {[%emt 00:00:19]} 8. a3 {[%clk 00:33:45]} {[%emt
00:00:05]} O-O {[%clk 00:32:44]} {[%emt 00:00:56]} 9. Nf4 {[%clk 00:34:05]}
{[%emt 00:00:09]} cxd4 {[%clk 00:32:31]} {[%emt 00:00:44]} 10. cxd4 {[%clk
00:34:26]} {[%emt 00:00:09]} Na5 {[%clk 00:30:45]} {[%emt 00:02:16]} 11. Bd3
{[%clk 00:33:53]} {[%emt 00:01:03]} Qb6 {[%clk 00:30:27]} {[%emt 00:00:48]} 12.
b4 {[%clk 00:32:45]} {[%emt 00:01:39]} Nc4 {[%clk 00:30:40]} {[%emt 00:00:15]}
13. h4 {[%clk 00:29:08]} {[%emt 00:04:08]} f5 {[%clk 00:21:30]} {[%emt
00:09:40]} 14. h5 {[%clk 00:23:46]} {[%emt 00:05:51]} Nb8 {[%clk 00:16:59]}
{[%emt 00:05:02]} 15. Qc2 {[%clk 00:19:39]} {[%emt 00:04:36]} Bd7 {[%clk
00:13:18]} {[%emt 00:04:12]} 16. g4 {[%clk 00:19:34]} {[%emt 00:00:34]} Nc6
{[%clk 00:03:13]} {[%emt 00:10:35]} 17. Be3 {[%clk 00:13:52]} {[%emt 00:06:11]}
Nxe3 {[%clk 00:03:21]} {[%emt 00:00:23]} 18. fxe3 {[%clk 00:14:10]} {[%emt
00:00:13]} Rac8 {[%clk 00:03:33]} {[%emt 00:00:18]} 19. Qb1 {[%clk 00:12:52]}
{[%emt 00:01:47]} Nxb4 {[%clk 00:00:36]} {[%emt 00:03:28]} 20. axb4 {[%clk
00:12:58]} {[%emt 00:00:24]} Qxb4+ {[%clk 00:00:59]} {[%emt 00:00:06]} 21. Ke2
{[%clk 00:10:48]} {[%emt 00:02:41]} Qxb1 {[%clk 00:01:14]} {[%emt 00:00:15]} 22.
Rhxb1 {[%clk 00:11:09]} {[%emt 00:00:09]} fxg4 {[%clk 00:01:41]} {[%emt
00:00:02]} 23. Nh2 {[%clk 00:08:58]} {[%emt 00:02:37]} Bg5 {[%clk 00:00:42]}
{[%emt 00:01:33]} 24. Rxb7 {[%clk 00:08:53]} {[%emt 00:00:37]} Bxf4 {[%clk
00:00:37]} {[%emt 00:00:34]} 25. exf4 {[%clk 00:08:17]} {[%emt 00:01:07]} Bc6
{[%clk 00:00:37]} {[%emt 00:00:30]} 26. Rbxa7 {[%clk 00:08:23]} {[%emt
00:00:24]} Rxf4 {[%clk 00:00:39]} {[%emt 00:00:27]} 27. Ke3 {[%clk 00:06:19]}
{[%emt 00:02:34]} Rcf8 {[%clk 00:01:01]} {[%emt 00:00:08]} 28. Rg1 {[%clk
00:05:58]} {[%emt 00:00:51]} R4f7 {[%clk 00:00:31]} {[%emt 00:01:00]} 29. Rxf7
{[%clk 00:06:17]} {[%emt 00:00:10]} Rxf7 {[%clk 00:00:47]} {[%emt 00:00:15]} 30.
Nxg4 {[%clk 00:06:38]} {[%emt 00:00:09]} Rb7 {[%clk 00:00:48]} {[%emt
00:00:30]} 31. h6 {[%clk 00:05:56]} {[%emt 00:01:11]} Rb3 {[%clk 00:00:38]}
{[%emt 00:00:40]} 32. Nf6+ {[%emt 00:00:46]} 1-0

[Event "XXVII MISTRZOSTWA WOJEWÓDZTWA PODLASKIEGO JUNIORÓW DO LAT 18 - C18"]
[Site "Białystok, Poland"]
[Date "2025.05.30"]
[Round "2.1"]
[White "Pieczulis, Hubert"]
[Black "Etel, Szymon"]
[Result "1-0"]
[WhiteElo "1853"]
[BlackElo "1776"]

1. d4 {[%clk 00:30:58]} {[%emt 00:00:02]} Nf6 {[%clk 00:30:56]} {[%emt
00:00:05]} 2. c4 {[%clk 00:31:25]} {[%emt 00:00:03]} g6 {[%clk 00:31:22]}
{[%emt 00:00:03]} 3. Nc3 {[%clk 00:31:51]} {[%emt 00:00:05]} Bg7 {[%clk
00:31:50]} {[%emt 00:00:02]} 4. e4 {[%clk 00:32:14]} {[%emt 00:00:06]} O-O
{[%clk 00:32:08]} {[%emt 00:00:12]} 5. f4 {[%clk 00:31:13]} {[%emt 00:01:31]}
d6 {[%clk 00:32:34]} {[%emt 00:00:04]} 6. Nf3 {[%clk 00:31:38]} {[%emt
00:00:05]} c5 {[%clk 00:32:51]} {[%emt 00:00:13]} 7. d5 {[%clk 00:32:04]}
{[%emt 00:00:05]} e6 {[%clk 00:33:18]} {[%emt 00:00:02]} 8. Bd3 {[%clk
00:32:13]} {[%emt 00:00:21]} exd5 {[%clk 00:33:16]} {[%emt 00:00:33]} 9. cxd5
{[%clk 00:32:36]} {[%emt 00:00:07]} b5 {[%clk 00:33:24]} {[%emt 00:00:22]} 10.
O-O {[%clk 00:29:17]} {[%emt 00:03:48]} c4 {[%clk 00:29:34]} {[%emt 00:04:20]}
11. Bc2 {[%clk 00:29:12]} {[%emt 00:00:35]} b4 {[%clk 00:29:39]} {[%emt
00:00:25]} 12. Ne2 {[%clk 00:29:10]} {[%emt 00:00:33]} Re8 {[%clk 00:30:03]}
{[%emt 00:00:05]} 13. Ng3 {[%clk 00:22:18]} {[%emt 00:07:22]} Na6 {[%clk
00:28:02]} {[%emt 00:02:31]} 14. h3 {[%clk 00:18:24]} {[%emt 00:04:24]} Nc5
{[%clk 00:27:46]} {[%emt 00:00:45]} 15. Re1 {[%clk 00:18:27]} {[%emt 00:00:28]}
Qb6 {[%clk 00:27:04]} {[%emt 00:01:12]} 16. Be3 {[%clk 00:18:20]} {[%emt
00:00:36]} Bb7 {[%clk 00:25:12]} {[%emt 00:02:23]} 17. Bd4 {[%clk 00:17:38]}
{[%emt 00:01:13]} Qc7 {[%clk 00:24:31]} {[%emt 00:01:10]} 18. f5 {[%clk
00:16:52]} {[%emt 00:01:16]} a5 {[%clk 00:24:03]} {[%emt 00:00:58]} 19. h4
{[%clk 00:15:59]} {[%emt 00:01:24]} a4 {[%clk 00:23:57]} {[%emt 00:00:35]} 20.
fxg6 {[%clk 00:10:36]} {[%emt 00:05:53]} hxg6 {[%clk 00:24:09]} {[%emt
00:00:18]} 21. a3 {[%clk 00:09:48]} {[%emt 00:01:18]} bxa3 {[%clk 00:18:59]}
{[%emt 00:05:39]} 22. Rxa3 {[%clk 00:09:38]} {[%emt 00:00:41]} Nb3 {[%clk
00:19:19]} {[%emt 00:00:10]} 23. Bxb3 {[%clk 00:09:15]} {[%emt 00:00:53]} axb3
{[%clk 00:19:42]} {[%emt 00:00:07]} 24. Rxa8 {[%clk 00:09:38]} {[%emt
00:00:07]} Rxa8 {[%clk 00:20:11]} 25. h5 {[%clk 00:09:48]} {[%emt 00:00:20]}
Ng4 {[%clk 00:19:16]} {[%emt 00:01:25]} 26. Bxg7 {[%clk 00:09:34]} {[%emt
00:00:44]} Kxg7 {[%clk 00:19:40]} {[%emt 00:00:06]} 27. Qd4+ {[%clk 00:09:59]}
{[%emt 00:00:05]} Ne5 {[%clk 00:17:03]} {[%emt 00:03:07]} 28. Rc1 {[%clk
00:06:24]} {[%emt 00:04:05]} Ra4 {[%clk 00:14:35]} {[%emt 00:02:58]} 29. Nxe5
{[%clk 00:05:51]} {[%emt 00:01:04]} dxe5 {[%emt 00:00:02]} 30. Qe3 {[%clk
00:05:56]} {[%emt 00:00:23]} Qd6 {[%clk 00:12:32]} {[%emt 00:03:02]} 31. Qg5
{[%clk 00:05:18]} {[%emt 00:01:08]} Kh7 {[%clk 00:01:30]} {[%emt 00:11:32]} 32.
Rf1 {[%clk 00:05:31]} {[%emt 00:00:17]} Qb6+ {[%clk 00:01:03]} {[%emt
00:00:56]} 33. Kh2 {[%clk 00:05:38]} {[%emt 00:00:24]} Kg8 {[%clk 00:01:30]}
{[%emt 00:00:03]} 34. Qe7 {[%clk 00:05:40]} {[%emt 00:00:28]} f5 {[%clk
00:01:20]} {[%emt 00:00:41]} 35. h6 {[%clk 00:05:53]} {[%emt 00:00:17]} 1-0